000 00490nam a22001697a 4500
999 _c8355
_d8355
008 201113b ||||| |||| 00| 0 eng d
040 _aBMS College of Architecture
100 _aShah, N Nirali
245 _aMusic city
300 _a51p.
500 _a1BM15AT059
502 _8B,Arch
_NBMS College of Architecture, Visvesvaraya Technological University (VTU)
_aProject report
_d2019
650 _acity
700 _aBhavesh Mehta
_eGuide
700 _aPrathima
_eGuide
942 _2ddc
_cTHE